000 00988cam a22002774a 4500
001 2156554
003 ARRUPE
005 20151112152512.0
008 990513s1999 nyu b 000 0 eng
010 _a 99015979
020 _a0824517849
040 _aDLC
_cDLC
_dDLC
042 _apcc
050 0 0 _aBT78
_b.T38 1999
082 0 0 _a263
_221
100 1 _aThurston, Bonnie Bowman.
_915136
245 1 0 _aTo everything a season :
_ba spirituality of time /
_cBonnie Thurston.
260 _aNew York :
_bCrossroad Pub.,
_cc1999.
300 _aviii, 120 p. ;
_c17 cm.
504 _aIncludes bibliographical references (p. [117]-120).
650 0 _aTime
_xReligious aspects
_xChristianity.
_921111
650 0 _aSabbath.
_97210
906 _a7
_bcbc
_corignew
_d1
_eocip
_f19
_gy-gencatlg
942 _2lcc
_cMONOGRAPH
999 _c123796
_d123796